LEADER 01145nam a2200265 a 4500 001 000000121238 003 CaOOAMICUS 005 20100416102453.0 008 100416t2009 vc u000 u ita r 020 $a978-88-209-8336-9 040 $aPUL$bita$dReb 082 04$a248.2 100 1 $aAsti, Francesco.$0(OLS)http://pul/name/67168 245 10$aTeologia della vita mistica :$bfondamenti, dinamiche, mezzi /$cFrancesco Asti. 260 $aCittą del Vaticano :$bLibreria editrice vaticana,$c©2009. 300 $a677 p. ;$c21 cm. 504 $aBibliografia p. [659]-668. 650 4$aTeologia mistica.$0(OLS)http://pul/subject/1318 850 $aPUL 852 $aPUL$W1$xSL Religione 3$y85$m248. 2 ASTFR 1$j139021$qDDC 21$B138259$CPULBib$Z2$F138259 $H113304 $82 941 1 $a9 996 $6020$a978-88-209-8336-9$9(OLS)http://pul/number/143876 996 $6082$a248.2$9(OLS)http://pul/classification/435 996 $6245$aTeologia della vita mistica :$bfondamenti, dinamiche, mezzi$9(OLS)http://pul/title/152478 996 $6260$aCittą del Vaticano :$bLibreria editrice vaticana$9(OLS)http://pul/publisher/47920 LEADER 01504nam a2200301 u 4500 001 000000061130 003 CaOOAMICUS 005 20070226121006.0 008 010831s2000 it u000 u ita u 035 $a10900826 040 $aPUL(R)$bita 100 1 $aDelogu, Luigi.$0(OLS)http://pul/name/41724 245 14$aGli adolescenti e i giovani italiani e l'esperienza religiosa :$bconfronto con alcune ricerche e prospettive educativo pastorali /$cLuigi Delogu. 260 $aRoma :$b[s.n.],$c2000. 300 $a141 p. ;$c25 cm 490 1 $aUniversitą Pontificia Salesiana. Facoltą di teologia. Tesi di Dottorato ;$v443 500 $aSul front.: "Estratto dalla Dissertazione dottorale". 650 4$aTeologia pastorale.$0(OLS)http://pul/subject/1301 650 4$aGiovani.$0(OLS)http://pul/subject/10127 710 2 $aPontificia Universitą Salesiana.$bFacoltą di teologia.$kTesi.$0(OLS)http://pul/name/12417 830 0$aTesi di dottorato (Pontificia Universitą salesiana. Facoltą di teologia) ;$v443.$0(OLS)http://pul/title/71612 850 $aPUL 852 $aPUL$W1$xDP1 Tesi Pon. Univ. Salesiana$y46$mTH SAL 443$j188245$nBK-PRI$b $qTesi$B79704$CPULBib$Z2$F79704 $82 941 1 $a16 960 $aPastorale$91301 961 $aINV: 83908 996 $6245$aGli adolescenti e i giovani italiani e l'esperienza religiosa :$bconfronto con alcune ricerche e prospettive educativo pastorali$9(OLS)http://pul/title/81640 996 $6260$aRoma :$b[s.n.]$9(OLS)http://pul/publisher/47958